000 00851nam a22002655a 4500
005 20161227121644.0
008 161023s2014 xxua frb 001 0 eng d
020 _a9789384007034
020 _a938400703X
040 _aEG-ScBUE
_beng
_cEG-ScBUE
_dEG-ScBUE
082 0 4 _222
_a621.395
_bRAM
100 1 _aRamamurthy, S.
245 1 0 _aLow power digital VLSI design :
_bcircuits and systems /
_cS. Ramamurthy
260 _aNew Delhi :
_bScientific International PNT,
_c2014.
300 _axii, 530 p. :
_bill. ;
_c24 cm.
500 _aIndex : p. 527-530.
504 _aBibliography : p. 523-526.
590 _aSuzan Ashmawy and revised by Rahma Essa.
650 7 _2BUEsh
_aDesign and construction.
650 7 _2BUEsh
_aCircuits.
650 7 _2BUEsh
_aVLSI.
651 _2BUEsh
653 _bENGELC
_cOctober2016
_cNovember2016
942 _2ddc
_e22
999 _c22786
_d22758